000 01197cam a2200169 4500500
005 20260111104658.0
041 _afre
042 _adc
100 1 0 _aBohle, Dorothee
_eauthor
700 1 0 _aHusz, Dóra
_eauthor
245 0 0 _aWhose Europe is it?
260 _c2005.
500 _a49
520 _aThe paper addresses the question how concrete interests have shaped the outcome of the accession negotiations between the European Union and the Central East European applicant countries. Despite the general principle according to which the acquis communautaire is binding for both current and new member states from the date of enlargement on, a number of relevant exceptions have been made. In our paper we address two such exceptions in the fields of competition policy and free movement of labor. We ask about the rationale for the transition periods in these areas, the influence of interest groups, and draw conclusions concerning the overall balance of forces in an enlarged European Union.
786 0 _nPolitique européenne | 15 | 1 | 2005-01-01 | p. 85-112 | 1623-6297
856 4 1 _uhttps://shs.cairn.info/revue-politique-europeenne-2005-1-page-85?lang=en&redirect-ssocas=7080
999 _c1631012
_d1631012